• 首页
  • 本馆介绍
  • 公告通知
  • 最新文献
  • 馆藏检索
  • 电子资源
  • 读者导购
  • 参考咨询
  • 我的图书馆
  • 登录
  • 详细信息显示
  • 放入我的书架
  • 预约/预借图书
  • 作者相关作品
  • 分类相关作品
  • 丛书相关作品
  • 出版社相关作品

书目信息

  • 表格格式
  • 工作单格式
  • 卡片格式
题名:
字的家族
    
 
作者: 邱昭瑜 编著
分册:   生活器物篇
出版信息: 青岛   青岛出版社  2017.6
页数: 191页
开本: 26cm
丛书名:
单 册:
中图分类: G624.223
科图分类:
主题词: 识字课--小学--教学参考资料
电子资源:
ISBN: 978-7-5552-2184-5
000 01008nam0 2200253 45
001 012001002012
005 20140821155752.0
010    @a978-7-5552-2184-5@dCNY32.80
100    @a20151101d2015 cd y0chiy0110 ea
101 0  @achi
102    @aCN@b370000
105    @aa z 000yy
106    @ar
200 1  @a字的家族@Azi de jia zu@i生活器物篇@f邱昭瑜编著
210    @a青岛@c青岛出版社@d2017.6
215    @a191页@c图@d26cm
300    @a其他题名:生活器物篇
330    @a丛书三册共收入1600余个常用汉字,约6800个词语,基本包含了小学生要求掌握的常用汉字,有助于小读者的语文学习。 全书用“家族”的形式,将同一家族(部首)的字集中在一起,小读者可以轻而易举地推想出家族内其他字的含义,提高识字效率。通过有趣易懂的方式解说每个字的意义及所属字根的本义和由来,化抽象为形象,弄清每个汉字的起源、结构和含义。
517 1  @a生活器物篇
606 0  @a识字课@x小学@j教学参考资料
690    @aG624.223@v5
701  0 @a邱昭瑜@Aqiu zhao yu@4编著
801    @aCN@bAHXH@c20210922
905    @b1253192-6@dG624.223@e1672@f5
    
    字的家族.生活器物篇/邱昭瑜编著.-青岛:青岛出版社,2017.6
    191页:图;26cm
    其他题名:生活器物篇
    
    ISBN 978-7-5552-2184-5:CNY32.80
    丛书三册共收入1600余个常用汉字,约6800个词语,基本包含了小学生要求掌握的常用汉字,有助于小读者的语文学习。 全书用“家族”的形式,将同一家族(部首)的字集中在一起,小读者可以轻而易举地推想出家族内其他字的含义,提高识字效率。通过有趣易懂的方式解说每个字的意义及所属字根的本义和由来,化抽象为形象,弄清每个汉字的起源、结构和含义。
●
相关链接 在E读中查询图书 在五车中查询图书 在当当中查询图书 在豆瓣中查询图书


正题名:字的家族     索取号:G624.223/1672         预约/预借

序号 登录号 条形码 馆藏地/架位号 状态 备注
1 1253192   212531928   第一样本阅览室/ [索取号:G624.223/1672] 在馆    
2 1253193   212531937   教育系资料室/ [索取号:G624.223/1672] 在馆    
3 1253194   212531946   教育系资料室/ [索取号:G624.223/1672] 在馆    
4 1253195   212531955   第四借阅区/ [索取号:G624.223/1672] 在馆    
5 1253196   212531964   第四借阅区/ [索取号:G624.223/1672] 在馆    
唐山师范学院图书馆 欢迎您!
大连网信软件有限公司© 版权所有